| 000 | 00456nam a2200181Ia 4500 | ||
|---|---|---|---|
| 001 | 1591 | ||
| 005 | 20260306143739.0 | ||
| 008 | 260306t2004||||xx |||||||||||||| ||spa|| | ||
| 041 | _aESP | ||
| 082 |
_a153 _bG25 |
||
| 100 |
_aGardner, Howard _eAUT |
||
| 245 | 0 |
_aEstructuras de la mente: _bLa teoría de las inteligencias múltiples |
|
| 260 | _c2004 | ||
| 300 |
_a448 páginas : _c23 cm. |
||
| 650 | _aGEN | ||
| 654 | _aCPS | ||
| 942 |
_cLIB _dJUS _fJUS _2ddc _n |
||
| 999 |
_c1591 _d1591 |
||